El Estado de Bienestar en la Europa del Sur (Record no. 823072)

000 -CABECERA
Campo de control de longitud fija 00606nam a2200217 4500
001 - NÚMERO DE CONTROL
Campo de control VA43942
003 - IDENTIFICADOR DEL NÚMERO DE CONTROL
Campo de control ES-SlBCS
005 - FECHA Y HORA DE LA ÚLTIMA TRANSACCIÓN
Campo de control 20210601155903.0
008 - CÓDIGOS DE INFORMACIÓN DE LONGITUD FIJA
Campo de control de longitud fija 140520s1995 xxu||||| |||| 00| 0 spa d
017 ## - NÚMERO DE COPYRIGHT O DE DEPÓSITO LEGAL
Número de copyright o de depósito legal M.40-943-1995
020 ## - NÚMERO INTERANCIONAL NORMALIZADO PARA LIBROS (ISBN)
Número Internacional Normalizado para Libros (ISBN) 84-00-07551-X
041 ## - CÓDIGO DE LENGUA
Código de lengua del texto/banda sonora o título independiente spa
100 1# - PUNTO DE ACCESO PRINCIPAL-NOMBRE DE PERSONA
Nombre de persona Sarasa, Sebastià
9 (RLIN) 238921
245 10 - MENCIÓN DE TÍTULO
Título El Estado de Bienestar en la Europa del Sur
Mención de responsabilidad, etc. Sebastià Sarasa; Luis Moreno,
260 ## - PUBLICACIÓN, DISTRIBUCIÓN, ETC... (PIE DE IMPRENTA)
Lugar de publicación, distribución, etc. Madrid :
Nombre del editor, distribuidor, etc. CSIC
Fecha de publicación, distribución, etc. , 1995
300 ## - DESCRIPCIÓN FÍSICA
Extensión 419 p.;
Dimensiones 24 cm
490 0# - MENCIÓN DE SERIE
Mención de serie Politeya
Designación de volumen o secuencia 7
650 04 - PUNTO DE ACCESO ADICIONAL DE MATERIA-TÉRMINO DE MATERIA
Término de materia o nombre geográfico como elemento inicial Estado de Bienestar-Sur de Europa
9 (RLIN) 384999
700 1# - PUNTO DE ACCESO ADICIONAL-NOMBRE DE PERSONA
Nombre de persona Moreno, Luis
9 (RLIN) 223916
942 ## - ENTRADA DE ELEMENTOS AGREGADOS (KOHA)
Koha [por defecto] tipo de item Libros
Holdings
Suprimido Perdido Estropeado No para préstamo Localización permanente Localización actual Localización en estantería Fecha adquisición Préstamos totales Signatura completa Número de Registro / Código de Barras Fecha última consulta Fecha del precio de reemplazo Tipo de item de Koha
        San Esteban San Esteban Valladolid 11/07/2014   34/H8 VA43942 11/07/2014 11/07/2014 Libros

Bibliotecas Dominicos Provincia Hispania, 2016

Con tecnología Koha